Of science and scientists : (Record no. 3185)

MARC details
000 -LEADER
fixed length control field 00693cam a2200241ua 4500
001 - CONTROL NUMBER
control field 3342
005 - DATE AND TIME OF LATEST TRANSACTION
control field 20260515113650.0
008 - FIXED-LENGTH DATA ELEMENTS--GENERAL INFORMATION
fixed length control field 111017n ii |||gr||||Z||||||eng
020 ## - INTERNATIONAL STANDARD BOOK NUMBER
International Standard Book Number 81-237-0917-X
040 ## - CATALOGING SOURCE
Transcribing agency MAIN
082 ## - DEWEY DECIMAL CLASSIFICATION NUMBER
Classification number 920
100 1# - MAIN ENTRY--PERSONAL NAME
Personal name Kothare, A N.,
Relator term Author.
245 11 - TITLE STATEMENT
Title Of science and scientists :
Remainder of title an anthology of anecdedotes /
Statement of responsibility, etc. by A. N. Kothare
250 ## - EDITION STATEMENT
Edition statement 2nd.
260 ## - PUBLICATION, DISTRIBUTION, ETC.
Place of publication, distribution, etc. New Delhi:
Name of publisher, distributor, etc. National book trust,
Date of publication, distribution, etc. 2005.
300 ## - PHYSICAL DESCRIPTION
Extent 232p:
Dimensions 23cm.
653 ## - INDEX TERM--UNCONTROLLED
Uncontrolled term Biography
653 ## - INDEX TERM--UNCONTROLLED
Uncontrolled term Biography of Of science and scientists
700 ## - ADDED ENTRY--PERSONAL NAME
Personal name Palsule, Sudhanshu S.,
Relator term Author.
700 ## - ADDED ENTRY--PERSONAL NAME
Personal name Parekh, S. M.,
Relator term author.
700 ## - ADDED ENTRY--PERSONAL NAME
Personal name Navalkar, M. P.,
Relator term Author.
942 ## - ADDED ENTRY ELEMENTS (KOHA)
Koha item type Books
Holdings
Withdrawn status Lost status Damaged status Not for loan Home library Current library Shelving location Date acquired Total checkouts Full call number Barcode Date last seen Copy number Price effective from Koha item type
        Naharkatiya College Library Naharkatiya College Library General stacks 09/19/2020   920 | KOT 16239 09/19/2020 2 09/19/2020 Books
        Naharkatiya College Library Naharkatiya College Library General stacks 09/19/2020   920 | KOT 16775 09/19/2020 1 09/19/2020 Books